02082nam a2200265 450000500170000000800410001702000180005803700150007604000350009104100080012608200160013410000350015024500440018524600280022926000350025730000250029250500600031752012840037765000460166165000350170765000390174294200120178199900170179395200060181020250410121715.0240227b |||||||| |||| 00| 0 eng d a9788401465352 3Donación aCO-JMCRcCO-JMCRdCO-JMCRerda aspa aA-N bLECc1 eautoraLe Carré, John943508 aLa chica del tambor / cJohn Le Carré aThe little drummer girl aBarcelonabPlaza y Janesc1996 a653 páginasc18 cm aLa preparación... Pág 11 -- El botín... Pág 391 aMartin Kurtz es un espía israelí que trabaja en una agencia clandestina para permitir una negativa plausible a sus superiores. Este recluta a Charlie, una actriz de izquierda radical de Inglaterra como parte de un elaborado esquema para descubrir el paradero de Khalil, un terrorista palestino. Joseph es el agente encargado de Charlie. El hermano menor de Khalil, Salim, es secuestrado, interrogado y muerto por la unidad de Kurtz. Joseph se hace pasar por Salim y viaja por Europa con Charlie, para hacer que Khalil cree que Charlie y Salim son amantes. Cuando Khalil descubre el caso y se pone en contacto con Charlie, los israelíes descubren su paradero. Charlie es llevada a unos campos de refugiados palestinos para recibir entrenamiento para que realice un atentado suicida. Ella comienza a simpatizar con la causa palestina, y sus lealtades divididas la llevan al borde del colapso. A Charlie la envían a que ponga una bomba en una conferencia dada por un israelí moderado cuyas propuestas de paz no son del gusto de Khalil. Ella ejecuta la misión bajo la supervisión de los israelíes. Como resultado, Joseph mata a Khalil. Charlie, posteriormente, sufre un colapso mental causado por la tensión de su misión y de sus propias contradicciones internas. 2JMCRaLiteratura inglesaySiglo XX914247 aNovela inglesaySiglo XX97155 aTerrorismo en la literatura943509 2ddccBK c30692d17076 00